Application of the DEA on the measurement of efficiency in the EU countries
Technická efektivita v poľnohospodárskych sektoroch EÚ. Ukazovatele faktorov neefektívnosti vo výkonnosti poľnohospodárstva.
Gespeichert in:
| 1. Verfasser: | |
|---|---|
| Format: | Buchkapitel |
| Sprache: | Englisch |
| Schlagworte: | |
| Tags: |
Keine Tags, Fügen Sie das erste Tag hinzu!
|
MARC
| LEADER | 00000naa a2200000 4500 | ||
|---|---|---|---|
| 001 | 0199838 | ||
| 005 | 20231211071826.2 | ||
| 041 | 0 | |a eng | |
| 044 | |a CZ | ||
| 245 | 1 | 0 | |a Application of the DEA on the measurement of efficiency in the EU countries |c Kristína Kočišová |
| 520 | |a Technická efektivita v poľnohospodárskych sektoroch EÚ. Ukazovatele faktorov neefektívnosti vo výkonnosti poľnohospodárstva. | ||
| 610 | 2 | 0 | |a politika poľnohospodárska |
| 610 | 2 | 0 | |a politika poľnohospodárska spoločná |
| 610 | 2 | 0 | |a výroba poľnohospodárska |
| 610 | 2 | 0 | |a Európska únia |
| 610 | 2 | 0 | |a efektívnosť techniky |
| 100 | 1 | |a Kočišová, Kristína | |